000 00334nam a2200145Ia 4500
008 230718s9999 xx 000 0 und d
041 _aEng.
082 _a347.04
_bSYK-C
100 _aSykes, Thon K.
245 0 _aConstruction Claim
260 _aPakistan
_bSweet and Maxwell
_c1999
300 _a254
650 _aLaw
999 _c27734
_d27734